Trendy v získavaní a výbere zamestnancov bakalárska práca

Na minha lista:
Detalhes bibliográficos
Autor principal: Turisová, Ivana
Autor Corporativo: Podnikovohospodárska fakulta EU so sídlom v Košiciach. Katedra ekonómie a manažmentu
Outros Autores: Olexová, Cecília, 1976-
Formato: Livro
Idioma:eslovaco
Publicado em: Košice 2024
Tags: Adicionar Tag
Sem tags, seja o primeiro a adicionar uma tag!

MARC

LEADER 00000nbm a2200000 4500
001 0301482
005 20250303083937.7
041 0 |a slo 
044 |a SK 
245 1 0 |a Trendy v získavaní a výbere zamestnancov  |b bakalárska práca  |c Ivana Turisová ; školiteľ: Cecília Olexová 
264 1 |a Košice  |c 2024 
300 |a 56 s. 
100 1 |a Turisová, Ivana 
700 1 |a Olexová, Cecília, 1976- 
710 2 |a Podnikovohospodárska fakulta EU so sídlom v Košiciach. Katedra ekonómie a manažmentu